000
00312nam a22001337a 4500
082
_a
894.812.3
_b
APP/B
100
_a
APPUNNI MALAYALATH
245
_a
BEERBAL KATHAKAL
250
_a
1
260
_a
THIRURANGADI
_b
ASHRAFI BOOK CENTRE
_c
2007
300
_a
64
650
_a
MALAYALAM SHORT STORY
_z
KERALA
942
_c
BK
999
_c
1322
_d
1322